000 00876cam a2200325 4500500
005 20260329005305.0
041 _afre
042 _adc
100 1 0 _aEnjalbert, Cédric
_eauthor
245 0 0 _aDestins distincts
260 _c2023.
500 _a56
690 _aDéclassement
690 _aDéterminisme
690 _aÉmancipation
690 _aFictions
690 _aFrançois Dubet
690 _aGérald Bronner
690 _aHonte
690 _aIdentité
690 _aIndividualisme
690 _aInégalités
690 _aLutte des classes
690 _aMérite
690 _aMéritocratie
690 _aOrigine
690 _aTransclasse
786 0 _nPhilosophie magazine | 168 | 4 | 2023-04-01 | p. 24-26 | 1951-1787
856 4 1 _uhttps://shs.cairn.info/magazine-philosophie-magazine-2023-4-page-24?lang=fr&redirect-ssocas=7080
999 _c1842022
_d1842022